Rusko-český slovník z průmyslové ekonomiky, organizace a plánování

Guardado en:
Detalles Bibliográficos
Formato: Libro
Lenguaje:lenguas múltiples
Publicado: Praha : SNTL, 1953
Materias:
Etiquetas: Agregar Etiqueta
Sin Etiquetas, Sea el primero en etiquetar este registro!

MARC

LEADER 00000nam a22000003a 4500
001 stu41532
005 20150408180445.1
008 931206s1953----cs------------------mul-d
040 |a STU  |b slo 
041 0 |a mul 
044 |a cs 
080 |a 33  |7 stu_us_auth*stu7876 
080 |a 801.316.4=82=850 
245 |a Rusko-český slovník z průmyslové ekonomiky, organizace a plánování 
260 |a Praha :  |b SNTL,  |c 1953 
300 |a 170 s 
650 7 |a ekonómia  |2 stusub 
650 7 |a slovníky rusko české  |2 stusub 
650 7 |a Slovníky ekonomické rusko české  |2 stusub 
996 |b 284M020225  |c M*3526-1  |l MMKN  |s A  |a 24  |w stu41532_0001